Urban development in Howrah: (Record no. 100294)

MARC details
000 -LEADER
fixed length control field 00729nam a22002057a 4500
005 - DATE AND TIME OF LATEST TRANSACTION
control field 20230724162303.0
010 ## - LCCN (DPL NO)
LC control number ENG-115257
020 ## - INTERNATIONAL STANDARD BOOK NUMBER
International Standard Book Number 9879384082390
Terms of availability 1595.00
035 ## - SYSTEM CONTROL NUMBER
System control number EN-98789
037 ## - SOURCE OF ACQUISITION
Source of stock number/acquisition DBAD/PUB
082 ## - DEWEY DECIMAL CLASSIFICATION NUMBER
Classification number 307.1216095414
245 ## - TITLE STATEMENT
Title Urban development in Howrah:
Remainder of title socio-economic perspectives/
Statement of responsibility, etc edited by Mahalaya Chatterjee [and] Anis Mukhopadhyay
260 ## - PUBLICATION, DISTRIBUTION, ETC. (IMPRINT)
Place of publication, distribution, etc Delhi
Name of publisher, distributor, etc Primus Books
Date of publication, distribution, etc 2015
270 ## - ADDRESS
Address Virat Bhawan, Mukherjee Nagar Commercial Complex
City Dellhi
Postal code 110009
300 ## - PHYSICAL DESCRIPTION
Extent xii,413p :
Other physical details ill.
Dimensions 25cm(Hb)
500 ## - GENERAL NOTE
General note Includes bibliographical references and index
700 ## - ADDED ENTRY--PERSONAL NAME
Personal name Chatterjee, Mahalaya
700 ## - ADDED ENTRY--PERSONAL NAME
Personal name Mukhopadhyay,Anis
942 ## - ADDED ENTRY ELEMENTS (KOHA)
Source of classification or shelving scheme Dewey Decimal Classification
Item type English Books
Call number suffix URB
Classification part 307.1216095414
Holdings
Withdrawn status Lost status Not for loan Collection code Home library Current library Date acquired Source of acquisition Cost, normal purchase price Full call number Barcode Copy number Cost, replacement price Koha item type
      Non-fiction Narela Narela 13/06/2016 DBAD/PUB 1595.00 307.1216095414 URB EN-98789 1 1595.00 English Books

© Delhi Public Library
Hit Counter
free hit counter